000 00500nam a22001457a 4500
999 _c17960
_d17960
008 191008b xxu||||| |||| 00| 0 eng d
020 _a0071615693
040 _aKABU
_cKABU
050 _aQA331.7
_b.S33 2009 c. 1
245 _aSchaum's outline of complex variables
_bwith an introduction to conformal mapping and its applications
_cMurray R. Spiegel ...[et al.].
260 _aNew York
_bMcGraw-Hill
_c2009
300 _aix, 374 p.
700 _aSpiegel, Murray R.
942 _2lcc
_cBK
_hQA331.7